000 00655nam a2200241Ia 4500
005 20250425160758.0
008 250425s9999 xx 000 0 und d
020 _a9682419883
041 _aspa
082 _a372.21
100 _aJOSEPH, STEVENS
245 0 _aADMINISTRACION DE PROGRAMAS DE EDUCACION TEMPRANA Y PREESCOLAR
250 _a1A ED.
260 _aMEXICO
260 _aMéxico
_bTRILLAS
_c1991
300 _a312
650 _aEDUCACION PREESCOLAR-ADMINISTRACION
650 _aESTIMULACION TEMPRANA
650 _aPROGRAMAS DE ACTIVIDADES EN LA EDUCACION-ADMINISTRACION
700 _aKING, EDITH
942 _c01
010 _a5031
999 _c195973
_d195973